000 00537nam a2200217Ia 4500
003 OSt
005 20220928141709.0
006 a|||||r|||| 00| 0
007 ta
008 220927b |||||||| |||| 00| 0 eng d
024 _a16882
037 _cTextual
040 _aSDCL
_cSDCL
_beng
041 _2eng
_aeng
082 _aP15, N2
100 _aPandeya Indiracarana
_9501640
245 0 _aSanskrit siksana samiksana.
260 _c1992
942 _hP15, N2
_cTEXL
_2CC
999 _c819214
_d819214